01255 a2200205 4500003000400000005001700004008004100021020001800062100002800080245006400108260002700172300001100199500032500210520036400535650003100899650003300930650001900963650003800982650002901020OSt20251212123048.0251212b |||||||| |||| 00| 0 eng d a9788131776513 aSrinivasan A. Suresh J. aCloud ComputingbPractical Approach Learning Implementation bPearsonc2014aChennai a412pp. a Student friendly and easy to understand • Fourteen case studies devoted to showcase the implementation of the cloud • Provides pertinent insights into the future applications of the cloud • In-depth analysis of service-oriented architecture in explicit text spanning three chapters • Over 630 exercises  aThis book lays a good foundation to the core concepts and principles of cloud computing, walking the reader through the fundamental ideas with expert ease. The book advances on the topics in a step-by-step manner and reinforces theory with a full-fledged pedagogy designed to enhance students' understanding and offer them a practical insight into the subject01aCloud Computing Foundation02aCloud Computing Architecture03aVirtualization04a Data Storage and Cloud Computing05aCloud Computing Services